01012nam0a22002531 4500001001100000005001700011021001900028035002600047100004100073101000800114102000700122105001800129200017300147210004500320215002700365320003400392606005200426606008600478700007700564701005800641801001800699801002200717852001900739rc\347391120250610021551.0 aRUb[74-55625] a(NLR Aleph) 007641395 a20130115d1974 |||y0rusy50 ca0 arus aRU aa z |||||1 aИнформационные процессы в живых организмахe[Учеб. пособие для биол. специальностей ун-тов] aМоскваcВысш. школаd1974 a320 с.cчерт.d22 aСписок лит.: с. 317 aБиологические системы2psbo aИнформации теорияxПрименение в биологии2psbo 1aНапалковbА.В.f1922-gАнатолий Викторович 1aЦелковаbН.В.gНина Васильевна 0aRUbNLRgpsbo 1aRUbELAR2rusmarc aNLRj74-5/1531